[Event "72nd Hastings it"]
[Site "Hastings ENG"]
[Date "1997.01.05"]
[Round "9"]
[White "Adams, Michael"]
[WhiteTitle "GM"]
[WhiteElo "2685"]
[Black "Conquest, Stuart"]
[BlackTitle "GM"]
[BlackElo "2585"]
[Result "1-0"]
[PlyCount "67"]
[EventDate "1996.12.28"]

1. e4 e5 2. Nf3 Nc6 3. Bb5 a6 4. Ba4 d6 5. Bxc6+ bxc6 6. d4 f6 7. c4 Ne7 8. Nc3 Ng6 9. Be3 Be7 10. O-O O-O 11. h3 Kh8 12. Rc1 Bd7 13. Qe2 Qc8 14. c5 Qb7 15. Rfd1 Rad8 16. b3 Be8 17. h4 Nf4 18. Bxf4 exf4 19. Na4 Bh5 20. d5 Qb5 21. Nc3 Qxe2 22. Nxe2 f5 23. Nxf4 fxe4 24. Nxh5 exf3 25. cxd6 Rxd6 26. dxc6 Rh6 27. Ng3 fxg2 28. h5 Kg8 29. Rd7 Ba3 30. Rc2 Rf7 31. Kxg2 Bf8 32. Rd8 Rff6 33. Rc4 Rxc6 34. Nf5 1-0

[Event "72nd Hastings it"]
[Site "Hastings ENG"]
[Date "1997.01.05"]
[Round "9"]
[White "Lalic, Bogdan"]
[WhiteTitle "GM"]
[WhiteElo "2565"]
[Black "Movsesian, Sergei"]
[BlackTitle "IM"]
[BlackElo "2635"]
[Result "1/2-1/2"]
[PlyCount "26"]
[EventDate "1996.12.28"]

1. d4 Nf6 2. c4 g6 3. g3 Bg7 4. Bg2 O-O 5. Nc3 d6 6. Nf3 c6 7. O-O Qa5 8. e4 e5 9. h3 Nbd7 10. Re1 exd4 11. Nxd4 Nc5 12. Bf1 Re8 13. Be3 Be6 1/2-1/2

[Event "72nd Hastings it"]
[Site "Hastings ENG"]
[Date "1997.01.05"]
[Round "9"]
[White "Motwani, Paul"]
[WhiteTitle "GM"]
[WhiteElo "2490"]
[Black "Xie Jun"]
[BlackTitle "GM"]
[BlackElo "2510"]
[Result "1/2-1/2"]
[PlyCount "23"]
[EventDate "1996.12.28"]

1. e4 e5 2. Nf3 Nc6 3. d4 exd4 4. Nxd4 Nf6 5. Nxc6 bxc6 6. e5 Qe7 7. Qe2 Nd5 8. c4 Ba6 9. b3 Qh4 10. a3 Bc5 11. Ra2 O-O 12. g3 1/2-1/2

[Event "72nd Hastings it"]
[Site "Hastings ENG"]
[Date "1997.01.05"]
[Round "9"]
[White "Rozentalis, Eduardas"]
[WhiteTitle "GM"]
[WhiteElo "2610"]
[Black "Hebden, Mark"]
[BlackTitle "GM"]
[BlackElo "2530"]
[Result "1-0"]
[PlyCount "125"]
[EventDate "1996.12.28"]

1. e4 e5 2. Nf3 Nc6 3. Bb5 a6 4. Bxc6 dxc6 5. O-O Bd6 6. d4 exd4 7. Qxd4 f6 8. Be3 Ne7 9. Nbd2 Be6 10. Rad1 Ng6 11. Nc4 Bxc4 12. Qxc4 Qe7 13. Rfe1 O-O-O 14. a4 Rhe8 15. Bd4 Qe6 16. Qxe6+ Rxe6 17. Bc3 Rde8 18. Nd2 Nf4 19. Kf1 g5 20. f3 Ng6 21. g3 h5 22. Nc4 Be5 23. Nxe5 Nxe5 24. Kf2 g4 25. Bxe5 Rxe5 26. Re3 b5 27. b3 gxf3 28. Kxf3 f5 29. Rde1 Rf8 30. Kf4 Rxe4+ 31. Rxe4 fxe4+ 32. Kg5 Re8 33. c4 bxc4 34. bxc4 Re5+ 35. Kf6 Ra5 36. Rxe4 Rxa4 37. Kg6 Ra5 38. h4 Ra3 39. g4 hxg4 40. Rxg4 a5 41. h5 a4 42. c5 Ra1 43. h6 a3 44. h7 Rh1 45. Ra4 Kd7 46. Rxa3 Rg1+ 47. Kf7 Rf1+ 48. Kg7 Rg1+ 49. Kh8 Ke6 50. Ra8 Rg5 51. Rg8 Rxc5 52. Kg7 Rh5 53. h8=Q Rxh8 54. Rxh8 c5 55. Rh5 c4 56. Rc5 Kd6 57. Rxc4 c5 58. Kf6 Kd5 59. Rc1 c4 60. Kf5 Kd4 61. Kf4 Kd3 62. Kf3 c3 63. Rd1+ 1-0